Statistics for Geography Quiz

Click here to take the quiz!

General Stats

  • This quiz has been taken 25 times
  • The average score is 10 of 15

Answer Stats

QuestionAnswer% Correct
Which islands were the subject of a war between Argentina and United Kingdom in the 1980s?Falklands (Malvinas)
100%
What is the capital of Portugal?Lisbon
95%
Mauritania is located in which continent?Africa
90%
In which country is Angel Falls located?Venezuela
86%
What country owns Corsica?France
81%
What is the capital of Mozambique?Maputo
71%
Texas is home to the longest-running what?State Fair
67%
Where is the Trafalgar Cemetery located?Gibraltar
57%
What is the capital of Malawi?Lilongwe
57%
Which is colder, the North or South Pole?South Pole
57%
In which country would you find the port of Rosetta?Egypt
52%
What line of Latitude lies at 23 degrees and 27 minutes north of the equator?Tropic of Cancer
52%
Which country has a presidential office known as "the Pink House"?Argentina
38%
Which US state is home to a "singing beach"?Massachusetts
29%
What country has a national park called the "Valley of Flowers"?India
24%

Score Distribution

Percentile by Number Answered

Percent of People with Each Score

Your Score History

You have not taken this quiz